Recueil de conferences <les> lundis du commerce

Saved in:
Bibliographic Details
Format: Book
Language:French
Published: Alger Institut National de Commerce INC 2003
Subjects:
Tags: Add Tag
No Tags, Be the first to tag this record!

MARC

LEADER 00000nam$a2200000$$$4500
001 0086333
005 20240104133103.7
041 0 |a fre 
245 1 0 |a Recueil de conferences  |b <les> lundis du commerce 
264 1 |a Alger  |b Institut National de Commerce INC  |c 2003 
300 |a 87 s. 
610 2 0 |a obchod 
610 2 0 |a voda 
610 2 0 |a obyvateľstvo 
610 2 0 |a problémy spoločenské 
610 2 0 |a technológie informačné 
610 2 0 |a technológie komunikačné 
610 2 0 |a reformy hospodárske 
610 2 0 |a legislatíva 
610 2 0 |a povolania 
610 2 0 |a potravinárstvo 
610 2 0 |a riadenie kvality 
610 2 0 |a Alžírsko